000
00241nam a22000977a 4500
999
_c
5081
_d
5081
008
250520b ||||| |||| 00| 0 eng d
082
_a
E FIC HEN
245
_a
A SURPRISE FOR MUM!
260
_a
AUSTRALIA
_b
FIVE MILES PRESS PTY LTD
942
_2
ddc